000
00261nam a2200109Ia 4500
008
190216s9999||||xx |||||||||||||| ||und||
100
_a
Khanna. Ml
245
0
_a
Railway Recruitment Test Guide
260
_b
Bright Careers
650
_a
References
942
_c
REF
999
_c
35867
_d
35867